| Tag |
First Indicator |
Second Indicator |
Subfields |
| LEADER |
00000cam a2200000Mi 4500 |
| 001 |
in00003572425 |
| 006 |
m o d |
| 007 |
cr nn|008mamaa |
| 008 |
121227s1985 xxu o 000 0 eng |
| 005 |
20260421182634.7 |
| 020 |
|
|
|a 9781468474992 (electronic bk.)
|
| 020 |
|
|
|a 1468474995 (electronic bk.)
|
| 024 |
7 |
|
|a 10.1007/978-1-4684-7499-2
|2 doi
|
| 035 |
|
|
|a (OCoLC)858919007
|
| 040 |
|
|
|a Nz
|b eng
|c UV0
|d GW5XE
|d UtOrBLW
|
| 049 |
|
|
|a TXAM
|
| 050 |
|
4 |
|a Q1-390
|
| 072 |
|
7 |
|a YQS
|2 bicssc
|
| 072 |
|
7 |
|a SCI000000
|2 bisacsh
|
| 082 |
0 |
4 |
|a 629.8
|2 19
|
| 100 |
1 |
|
|a Stout, Ken.
|
| 245 |
1 |
0 |
|a Quality Control in Automation /
|c by Ken Stout.
|
| 264 |
|
1 |
|a Boston, MA :
|b Springer US,
|c 1985.
|
| 300 |
|
|
|a 1 online resource.
|
| 336 |
|
|
|a text
|b txt
|2 rdacontent
|
| 337 |
|
|
|a computer
|b c
|2 rdamedia
|
| 338 |
|
|
|a online resource
|b cr
|2 rdacarrier
|
| 500 |
|
|
|a Electronic resource.
|
| 650 |
|
0 |
|a Science (General)
|
| 655 |
|
7 |
|a Electronic books.
|2 local
|
| 710 |
2 |
|
|a SpringerLink (Online service)
|
| 776 |
1 |
8 |
|i Print version:
|z 9781468475012
|
| 856 |
4 |
0 |
|u http://proxy.library.tamu.edu/login?url=https://link.springer.com/10.1007/978-1-4684-7499-2
|z Connect to the full text of this electronic book
|t 0
|
| 994 |
|
|
|a 92
|b TXA
|
| 999 |
|
|
|a MARS
|
| 999 |
f |
f |
|s 08049beb-b7c4-3ae9-88d2-27bbc5a3528a
|i 1750957b-ebea-398c-9679-eed7d2f619cc
|t 0
|
| 952 |
f |
f |
|a Texas A&M University
|b College Station
|c Electronic Resources
|s www_evans
|d Available Online
|t 0
|e Q1-390
|h Library of Congress classification
|
| 998 |
f |
f |
|a Q1-390
|t 0
|l Available Online
|